000 00566nam a2200157 i 4500
001 41266
003 ES-MaACL
005 20230906160413.0
007 t|
008 030310s1930 sp ||||1| spa d
100 1 _aCarandell Pericay, Juan.
_934960
245 1 0 _aAndalucía
_b: ensayo geográfico /
_cdiscursos leídos ante la R. Academia de Ciencias, Bellas Letras y Nobles Artes de Córdoba en la recepción de Juan Carandell Pericay el 30 de abril de 1930.
260 _aCórdoba :
_bCordón,
_c1930.
300 _a40 p. ;
_c25 cm.
852 _aES-MaACL
_j1754-F-3
999 _c41266
_d41266